00369cam a22001337a 4500008004000000082002000040245005600060260003200116300001000148650002600158650001400184700001800198999001900216180718b1999 xxu||||| |||| 00| 0 eng d aQ39 In4 (N) (R) aNatural disaster managementcedited by Jon Ingleton aLeicesterbTudor Rosec1999 a320p. aDisaster preparedness aDisasters aIngleton, Jon c394404d394404